| 000 | 00820nam a2200229Ia 4500 | ||
|---|---|---|---|
| 001 | 9107 | ||
| 003 | GE_BSU | ||
| 008 | 181216s||||||||xx |||||||||||||| ||und|| | ||
| 040 | _cGE_BSU | ||
| 080 | _a821.353.1-1 | ||
| 100 | _aლებანიძე,მურმან | ||
| 245 | _aკრებული-1980:ლირიკა-1979-1980 | ||
| 245 | _bლირიკა ძველი რვეულიდან | ||
| 245 | _cრედ.ტაგუ მებურიშვილი,ავტორის ფოტო გიორგი გიორგაძისა | ||
| 260 | _aთბილისი | ||
| 260 | _bმერანი | ||
| 260 | _c1980 | ||
| 300 | _a223გვ.14სმ. | ||
| 300 | _eპორტრეტი გარეკანზე | ||
| 653 | _aკრებული | ||
| 942 | _cBK | ||
| 999 |
_c42411 _d42411 |
||